000 00622nam a2200229Ia 4500
003 OSt
005 20221006163832.0
006 a|||||r|||| 00| 0
007 ta
008 221006b |||||||| |||| 00| 0 eng d
024 _a2,143
037 _cTextual
040 _aFML
_cFML
_beng
041 _2eng
_aeng
082 _aNR44x, P7.1 -.3
100 _aRaghavan V Au.
245 0 _aCollected Writings on Indian Music
260 _aChennai
_bV. Raghavan Centre for Performing Arts
_c2007
300 _aV.P.
_ccm.
942 _hNR44x, P7.1 -.3
_cTEXL
_2CC
999 _c1115444
_d1115444